000 00305nam a2200133Ia 4500
005 20251222141823.0
008 251222s9999||||xx |||||||||||||| ||spa||
020 _a84-481-2492-8
082 _a370.152.3/T22
100 _aTarpy, Roger M.
245 0 _aAprendizaje:
264 _bMcGraw-Hill
942 _cLIB
999 _c6869
_d6869